| 000 | 00403nam a22001577a 4500 | ||
|---|---|---|---|
| 008 | 150601b xxu||||| |||| 00| 0 eng d | ||
| 020 | _a9781444154627 | ||
| 041 | 0 | _aeng | |
| 080 | _a141.332 | ||
| 100 | _aSardar, Ziauddin | ||
| 245 | 0 | 0 | _aMuhammad : |
| 260 |
_aUnited Kingdom ; _c2012 |
||
| 300 |
_a154 f. : _bme il. ; _c17.7 cm |
||
| 650 | 0 |
_aTeologji _xFeja Islame |
|
| 942 |
_2udc _cBK |
||
| 999 |
_c960 _d960 |
||